ბათუმის შოთა რუსთაველის სახელმწიფო უნივერსიტეტის ბიბლიოთეკა

მენეჯმენტი : (ბიბ.ჩანაწერი № 62078)

000 -ლიდერი
ფიქსირებული სიგრძის საკონტროლო ველი 01671nam a22002537a 4500
003 - საკონტროლო ნომრის იდენტიფიკატორი
საკონტროლო ველი Ge_BSU
005 - ბოლო ოპერაციის თარიღი და დრო
საკონტროლო ველი 20240704122948.0
008 - ფიქსირებული სიგრძის მონაცემთა ელემენტები - ზოგადი ინფორმაცია
ფიქსირებული სიგრძის საკონტროლო ველი 240704s2019 ge ||||| |||| 00| 0 geo d
020 ## - წიგნის საერთაშორისო სტანდარტული ნომერი
International Standard Book Number 9789941136351
041 ## - ენის კოდი
Language code of text/sound track or separate title geo
080 ## - უნივერსალური ათობითი კლასიფიკაციის ინდექსი
Universal Decimal Classification number 005(075.8)რ-71
100 ## - მთავარი ჩანაწერი - პიროვნების სახელი
Personal name რობინსი, სტეფენ, ავტორი.
9 (RLIN) 22706
245 ## - ცნობა სათაურის შესახებ
Title მენეჯმენტი :
Remainder of title [სახელმძღვანელო] /
Statement of responsibility, etc სტეფენ პ. რობინსი, მარი კოულტერი ; მთარგმნელები: დავით ნარმანია (სამეცნიერო რედაქტორი), ნუგზარ პაიჭაძე (რედაქტორი), თემურ ხომერიკი (რედაქტორი) [და სხვა].
250 ## - გამოცემის ცნობა
Edition statement მე-12 გამოცემა
264 ## - წარმოების, გამოცემის, დისტრიბუციის და სხვა ცნობები
გამოცემის, წარმოების, დისტრიბუციის... ადგილი თბილისი :
გამოცემის, წარმოების, დისტრიბუციის... სახელწოდება თბილისის უნივერსიტეტის გამომცემლობა,
გამოცემის, წარმოების, დისტრიბუციის... თარიღი 2019.
300 ## - ფიზიკური აღწერა
Extent 798 გვ. :
Other physical details ილ. ;
Dimensions 28 სმ.
501 ## - შენიშვნა თანმხლებ მასალაზე
With note შენიშვნები: გვ. 708-766.ტერმინთა განმარტება: გვ . 767-787.
საძიებლები: გვ. 788-796.
546 ## - LANGUAGE NOTE
Language note თავფურცლის მე-3 გვერდი ინგლისურ ენაზე.
653 ## - INDEX TERM--UNCONTROLLED
Uncontrolled term მენეჯმენტი
653 ## - INDEX TERM--UNCONTROLLED
Uncontrolled term Management
700 ## - ADDED ENTRY--PERSONAL NAME
Personal name კოულტერი, მარი
9 (RLIN) 22707
700 ## - ADDED ENTRY--PERSONAL NAME
Personal name ნარმანია, დავით და სხვ
Relator term მთარგმნელი
9 (RLIN) 22708
942 ## - ADDED ENTRY ELEMENTS (KOHA)
Source of classification or shelving scheme
Koha item type წიგნი
ეგზემპლარები
ჩამოწერის სტატუსი დაკარგული ეგზემპლარის სტატუსი კლასიფიკაციის წყარო ან თაროზე გაწყობის სქემა დაზიანების სტატუსი არ გაიცემა მუდმივი მდებარეობა (დაცვის ადგილი) ამჟამინდელი ადგილსამყოფელი თაროზე განთავსების ადგილი შეძენის თარიღი ღირებულება, შესყიდვის ნორმალური ფასი სრული შენახვის შიფრი შტრიხკოდი ბოლო ოპერაციის თარიღი ეგზემპლარის მიმდევრობითი ნომერი (კეტერი?) ფასის ძალაში შესვლის თარიღი ეგზემპლარის სახეობა საჯარო შენიშვნა
          ბათუმის შოთა რუსთაველის სახელმწიფო უნივერსიტეტის მთავარი ბიბლიოთეკა ბათუმის შოთა რუსთაველის სახელმწიფო უნივერსიტეტის მთავარი ბიბლიოთეკა წიგნსაცავი 2024-07-04 182.00 005(075.8)რ-71 68433 2024-07-04 68433 2024-07-04 წიგნი 182.00
          ბათუმის შოთა რუსთაველის სახელმწიფო უნივერსიტეტის მთავარი ბიბლიოთეკა ბათუმის შოთა რუსთაველის სახელმწიფო უნივერსიტეტის მთავარი ბიბლიოთეკა წიგნსაცავი 2024-07-04 182.00 005(075.8)რ-71 68434 2024-07-04 68434 2024-07-04 წიგნი 182.00
          ბათუმის შოთა რუსთაველის სახელმწიფო უნივერსიტეტის მთავარი ბიბლიოთეკა ბათუმის შოთა რუსთაველის სახელმწიფო უნივერსიტეტის მთავარი ბიბლიოთეკა წიგნსაცავი 2024-07-04 182.00 005(075.8)რ-71 68435 2024-07-04 68435 2024-07-04 წიგნი 182.00
          ბათუმის შოთა რუსთაველის სახელმწიფო უნივერსიტეტის მთავარი ბიბლიოთეკა ბათუმის შოთა რუსთაველის სახელმწიფო უნივერსიტეტის მთავარი ბიბლიოთეკა წიგნსაცავი 2024-07-04 182.00 005(075.8)რ-71 68436 2024-07-04 68436 2024-07-04 წიგნი 182.00